00688nam a2200205Ia 4500008004100000020001800041041000800059082002200067100002600089245004400115250001200159260003900171300000900210440001000219500001600229650001500245700004500260999001700305952016000322230125s9999 xx 000 0 und d a81-314-0413-7 aeng a658.4012bJIA/PRA aJain R K, Ed.9110637 aIT and Business Strategy : An Interface a1st Ed. c2006bICFAI publicationaHyderabad a191p aICFAI aBPSM Gen;IT aManagement aJain R K, Ed. & Prabhakar R, Ed.9110638 c87502d87502 00104070aHIMRbHIMRd2013-03-30eBook Worldg400.00i918l0o658.4012 JIA/PRA B11987pHIMR-BK-11987r2023-01-25 00:00:00v400.00w2013-01-04yBKzB11987